000 00766nam a2200253 a 4500
003 BD-DhJNU
005 20250102060029.0
008 211130b2008 ii ||||| |||| 00| 0 eng d
020 _a8187567791
040 _aBD-DhJNU
_bENG
_cBD-DhJNU
_dBD-DhJNU
082 _a346.5407 SEC
_223
100 1 _aSen, Arun Kumar
245 1 0 _aCommercial law :
_bincluding company law /
_cArun Kumar Sen, Jitendra Kumar Mitra ; edited and revised by Sakti Mukherjee
250 _a25th ed.
260 _aKolkata :
_bWorld Press,
_cc2008.
300 _axx, 884 p. ;
_c21 cm.
500 _aIncludes index.
526 _aLaw
650 0 _aCommercial law
_zIndia.
650 0 _aCompany law.
_zIndia.
700 1 _aMitra, Jitendra Kumar.
700 1 _aMukherjee, Sakti.
942 _cBK
999 _c1042
_d1042